00332nam a2200109Ia 4500008004100000082000800041100001400049245004300063942000600106952009500112999001500207240331s9999 xx 000 0 und d bNIC aNicoll, B 4aThe house of the seven gables :bnotes cL 001040708LaWERCLbWERCLcSSCd2024-03-31l0o 820 NICp5350r2024-03-31w2024-03-31yL c3189d3189